| 000 | 00983cam a22003137a 4500 | ||
|---|---|---|---|
| 003 | CHAP | ||
| 005 | 20220329141215.0 | ||
| 008 | 971010s1976 r 00010 d | ||
| 010 | _a64358 | ||
| 011 | _a65330 | ||
| 035 | _a71924 | ||
| 040 | _cCHAP | ||
| 082 |
_a632 _bW46 |
||
| 100 | 0 | 0 |
_aWhitney, P. J. _9121767 |
| 245 | 0 | _aMicrobial plant pathology | |
| 260 |
_aLondon : _bHutchinson, _c1976 |
||
| 300 | _a160 p. | ||
| 590 |
_aBATCH-UPD _b10 _c20130110 _lUCH01 _h1749 |
||
| 590 |
_aBATCH-UPD _b10 _c20130410 _lUCH01 _h1127 |
||
| 590 |
_aBATCH-UPD _b10 _c20130914 _lUCH01 _h1414 |
||
| 590 |
_aCONVERSION _b10 _c20130109 _lUCH01 _h1335 |
||
| 650 | 1 | 4 |
_aFitopatología. _941161 |
| 650 | 1 | 4 |
_aPlantas _xEnfermedades por virus. _988834 |
| 901 | _aBK | ||
| 942 | _cLIBRO | ||
| 949 |
_a632 W46 _bBC _cLIBRO _d33724000176079 _eLIBRO _h40919 _i71924 _si |
||
| 949 |
_a632 W46 _bBC _cLIBRO _d33724000176087 _eLIBRO _fc.2 _h31761 _i71924 _si |
||
| 949 |
_a632 W46 _bPA _cLIBRO _d-4602 _eLIBRO _h1253 _i71924 _si |
||
| 999 |
_c64358 _d64358 |
||